POROVNANIE HLADÍN REDUKUJÚCICH CUKROV V KRVI KRÁV A TELIAT PRI FYZIOLOGICKOM PÔRODE A PRI KONZERVATÍVNOM CISÁRSKOM REZE

Bibliographic Details
Main Authors: Elečko, J. (Author), Kačmárik, Juraj, 1941- (Author)
Format: Article
Language:Slovak

MARC

LEADER 00000nab a2200000 a 4500
001 vtls011112398
003 SK-MaSNL
005 20260303125226.0
008 230218|1968 xo |||||||||||||||||slo|
015 |a SNBRB 
035 |a (uuid)b282156b-0ca4-435c-b2a3-4d37321c769d 
035 |a (urnnbn)urn:nbn:sk:snk:ar-a08g8i 
035 |a urn:nbn:sk:snk-ab9isy 
040 |a SNKBUCL  |b slo  |c SNKBUCL  |e AACR2 
041 0 |a slo 
044 |a xo  |c SK 
100 1 |a Elečko, J.  |4 aut  |9 772306 
245 1 0 |a POROVNANIE HLADÍN REDUKUJÚCICH CUKROV V KRVI KRÁV A TELIAT PRI FYZIOLOGICKOM PÔRODE A PRI KONZERVATÍVNOM CISÁRSKOM REZE  |c J. Elečko, J. Kačmarik 
700 1 |a Kačmárik, Juraj,  |d 1941-  |4 aut  |9 39197 
773 0 |t Folia veterinaria  |g Roč. 12, č. 3-4 (1968), s. 107-112 
954 |a odborná, vedecká literatúra pôvodná (slovenská)  |2 lita 
958 |a OND 
958 |a EUIPO 
958 |a article13 
999 |c 1933749  |d 1935679